| 000 | 00633nam a2200205Ia 4500 | ||
|---|---|---|---|
| 001 | 5272 | ||
| 003 | GE_BSU | ||
| 008 | 181216s||||||||xx |||||||||||||| ||und|| | ||
| 040 | _cGE_BSU | ||
| 080 | _a514.18 | ||
| 245 | _aВопросы современной начертательной геометрии | ||
| 245 | _bсборник статей | ||
| 245 | _cПод. ред. Н.Ф.Четверухина | ||
| 260 | _aМ-Л | ||
| 260 | _bГостехиздат. | ||
| 260 | _c1947 | ||
| 300 | _a334 с.20 см. | ||
| 653 | _aВопросы современной начертательнойгеометрии: | ||
| 942 | _cBK | ||
| 999 |
_c38861 _d38861 |
||